সুবর্ণলেখা : (Record no. 38797)
[ view plain ]
| 000 -LEADER | |
|---|---|
| fixed length control field | 01497nam a2200241 a 4500 |
| 001 - CONTROL NUMBER | |
| control field | 38797 |
| 003 - CONTROL NUMBER IDENTIFIER | |
| rucl marc code | BD-RjUL |
| 005 - DATE AND TIME OF LATEST TRANSACTION | |
| control field | 20211209052848.0 |
| 008 - FIXED-LENGTH DATA ELEMENTS--GENERAL INFORMATION | |
| fixed length control field | 160229s1974 ii ||||| |||| 00| 0 ben d |
| 035 ## - SYSTEM CONTROL NUMBER | |
| System control number | (BD-RjUL)38906 |
| 040 ## - CATALOGING SOURCE | |
| Original cataloging agency | BD-RjUL |
| Language of cataloging | ben |
| Transcribing agency | BD-RjUL |
| Modifying agency | BD-RjUL |
| 041 ## - LANGUAGE CODE | |
| Language code of text/sound track or separate title | ben |
| 082 ## - DEWEY DECIMAL CLASSIFICATION NUMBER | |
| Edition number | 23 |
| Classification number | 378.54 |
| Author mark and year | SUB 1974 |
| 245 ## - TITLE STATEMENT | |
| Title | সুবর্ণলেখা : |
| Remainder of title | কলিকাতা বিশ্ববিদ্যালয় আধুনিক ভারতীয় ভাষা ও সাহিত্য বিভাগের সুবর্ণ জয়ন্তী, স্মারক গ্রন্থ / |
| Statement of responsibility, etc. | সম্পাদনা: আশুতোষ ভট্ট্রাচার্য, অসিতকুমার বন্দ্যোপাধ্যায় |
| 260 ## - PUBLICATION, DISTRIBUTION, ETC. (IMPRINT) | |
| Place of publication, distribution, etc. | কলিকাতা: |
| Name of publisher, distributor, etc. | অসিতকুমার বন্দ্যোপাধ্যায়, |
| Date of publication, distribution, etc. | ১৯৭৪ |
| 300 ## - PHYSICAL DESCRIPTION | |
| Pagination | [৮], ৯৯৫ পৃ. : |
| Illustrations | চিত্র ; |
| Size | ২৪ সেমি. |
| 504 ## - BIBLIOGRAPHY, ETC. NOTE | |
| Bibliography, etc | " বিবলিওগ্রাফিক রেফারেন্স সংযুক্ত" |
| 650 ## - SUBJECT ADDED ENTRY--TOPICAL TERM | |
| Topical term or geographic name as entry element | শিক্ষা, উচ্চ |
| Form subdivision | ইতিহাস |
| Geographic subdivision | ভারত |
| 9 (RLIN) | 119671 |
| Topical term or geographic name as entry element | Education, Higher |
| Form subdivision | History |
| Geographic subdivision | India |
| 9 (RLIN) | 119672 |
| 700 ## - ADDED ENTRY--PERSONAL NAME | |
| Personal name | ভট্ট্রাচার্য, আশুতোষ, সম্পা. |
| Personal name | বন্দ্যোপাধ্যায়, অসিতকুমার, যুগ্ম সম্পা. |
| 942 ## - ADDED ENTRY ELEMENTS (KOHA) | |
| Source of classification or shelving scheme | Dewey Decimal Classification |
| Koha item type | Books |
| Lost status | Source of classification or shelving scheme | Damaged status | Not for loan | Collection code | Permanent Location | Current Location | Shelving location | Date acquired | Source of acquisition | Cost, normal purchase price | Total Checkouts | Full call number | Date last seen | Copy number | Koha item type |
|---|---|---|---|---|---|---|---|---|---|---|---|---|---|---|---|
| Dewey Decimal Classification | Not For Loan | Rare Books | Central Library, University of Rajshahi | Central Library, University of Rajshahi | Rare Book Section | 20/11/1979 | Calcutta, India International | 40.00 | BRA 378.54 SUB 1974 | 29/02/2016 | C-1 | Books |